| 000 | 00617nam a2200169 i 4500 | ||
|---|---|---|---|
| 001 | 23438 | ||
| 003 | ES-MaACL | ||
| 005 | 20230906152854.0 | ||
| 007 | t| | ||
| 008 | 021210s1918 xxk ||||1| spa d | ||
| 100 | 1 |
_aAllenby, Edmund. _920007 |
|
| 245 | 1 | 3 |
_aLa campaña de Palestina _b: relato de las operaciones desde el 28 de junio de 1917 hasta la toma de Jerusalén / _cdespacho del General Sir Edmund Allenby. |
| 260 |
_aLondres : _bAlabaster, Passmore & Sons, _c1918. |
||
| 300 |
_a27 p. : _bil. ; _c21 cm. |
||
| 650 | 4 |
_aGuerra mundial, 1914-1918- _xCampañas- _zArabia. _9155391 |
|
| 852 |
_aES-MaACL _j1577-F-10 |
||
| 999 |
_c23438 _d23438 |
||